000 00646nam a22002417a 4500
003 UA-OsUOA
001 50185
007 ta
008 20140527b un ||||| |||| 00| 0 ukr d
100 _aJohnson R.
090 _a929
942 _cBK
040 _aUA-OsUOA
_beng
_cUA-OsUOA
_dUA-OsUOA
245 _aThe Turiansky Legacy
_bA Family History
300 _a186 p.
955 _a1
041 _aeng
080 _a929
260 _c1995
650 7 _a9 Географія. Біографії. Історія
_2UDC
999 _c430313
_d430313